Statistics for Dallas Mavericks Roster 2023-24

Click here to take the quiz!

General Stats

  • This quiz has been taken 36 times
    (34 since last reset)
  • The average score is 12 of 17

Answer Stats

Position(s)Jersey NumberPlayer% Correct
G11Kyrie Irving
100%
G/SF77Luka Dončić
100%
C2Dereck Lively II
93%
SG/SF10Tim Hardaway Jr.
89%
C7Dwight Powell
85%
SG/SF8Josh Green
81%
G30Seth Curry
81%
G1Jaden Hardy
78%
F3Grant Williams
74%
C/PF42Maxi Kleber
67%
F55Derrick Jones Jr.
59%
F18Olivier-Maxence Prosper
59%
G0Dante Exum
56%
PF/C88Markieff Morris
52%
C20Richaun Holmes
41%
F13Greg Brown III
26%
SG38Dexter Dennis
15%

Score Distribution

Percentile by Number Answered

Percent of People with Each Score

Your Score History

You have not taken this quiz since the last reset